Welcome to CU Library Online Public Access Catalogue (OPAC)

The Lancaster Treaty of 1744 : (Record no. 5948)

MARC details
000 -LEADER
fixed length control field 01008cam a2200229 a 4500
001 - CONTROL NUMBER
control field 14926463
005 - DATE AND TIME OF LATEST TRANSACTION
control field 20250526131207.0
008 - FIXED-LENGTH DATA ELEMENTS--GENERAL INFORMATION
fixed length control field 070713s2008 mauab b 001 0 eng d
020 ## - INTERNATIONAL STANDARD BOOK NUMBER
International Standard Book Number 9780312454142
020 ## - INTERNATIONAL STANDARD BOOK NUMBER
International Standard Book Number 0312454147
050 00 - LIBRARY OF CONGRESS CALL NUMBER
Classification number E99.I7
Item number L23 2008
245 04 - TITLE STATEMENT
Title The Lancaster Treaty of 1744 :
Remainder of title with related documents /
Statement of responsibility, etc. edited with an introduction by James H. Merrell.
260 ## - PUBLICATION, DISTRIBUTION, ETC.
Place of publication, distribution, etc. Boston :
Name of publisher, distributor, etc. Bedford/St. Martin's,
Date of publication, distribution, etc. c2008.
300 ## - PHYSICAL DESCRIPTION
Extent xvi, 144 p. :
Other physical details ill., maps ;
Dimensions 21 cm.
650 #0 - SUBJECT ADDED ENTRY--TOPICAL TERM
Topical term or geographic name entry element Iroquois Indians
Form subdivision Treaties
-- Sources.
650 #0 - SUBJECT ADDED ENTRY--TOPICAL TERM
Topical term or geographic name entry element Indians of North America
General subdivision Government relations
Chronological subdivision To 1789
Form subdivision Sources.
700 1# - ADDED ENTRY--PERSONAL NAME
Personal name Merrell, James Hart,
Dates associated with a name 1953-
856 42 - ELECTRONIC LOCATION AND ACCESS
Materials specified Contributor biographical information
Uniform Resource Identifier <a href="http://www.loc.gov/catdir/enhancements/fy0905/2007932897-b.html">http://www.loc.gov/catdir/enhancements/fy0905/2007932897-b.html</a>
856 42 - ELECTRONIC LOCATION AND ACCESS
Materials specified Publisher description
Uniform Resource Identifier <a href="http://www.loc.gov/catdir/enhancements/fy0905/2007932897-d.html">http://www.loc.gov/catdir/enhancements/fy0905/2007932897-d.html</a>
856 41 - ELECTRONIC LOCATION AND ACCESS
Materials specified Table of contents only
Uniform Resource Identifier <a href="http://www.loc.gov/catdir/enhancements/fy0905/2007932897-t.html">http://www.loc.gov/catdir/enhancements/fy0905/2007932897-t.html</a>
942 ## - ADDED ENTRY ELEMENTS (KOHA)
Source of classification or shelving scheme Library of Congress Classification
Koha item type Books
Suppress in OPAC No
999 ## -
-- 5948
-- 5948
Holdings
Withdrawn status Lost status Source of classification or shelving scheme Damaged status Not for loan Collection Home library Current library Shelving location Date acquired Total checkouts Full call number Barcode Date last seen Copy number Price effective from Koha item type
    Library of Congress Classification     Non-fiction Undergraduate Library (Christ Temple) Undergraduate Library (Christ Temple) General stacks 05/26/2025   E 99.17L23 MER ulct00002650 05/26/2025 1 05/26/2025 Books
© 2023-2024 Copyright: Central University Libraries. All Rights Reserved | Created by: Mahone Tech Office